000 00330nam a22001337a 4500
008 171108b xxu||||| |||| 00| 0 eng d
020 _a0887300839
041 _aeng
080 _a330.322
100 _a64
101 _aINV
245 _aHEDGING WITH FINANCIAL FUTURES FOR INSTITUTIONAL INVESTORS
_cFIGLEWSKI,S
942 _2udc
_cBK
999 _c38242
_d38242